Pokémon - Champions d'Arène - Flo (DE/PS) - Statistiques

Statistiques générales
  • Ce quiz a été pris 11 fois
  • Le résultat moyen est 141 sur 218
Statistiques - réponses
Hint Réponse % Correct
Type Combat
100%
Type Plante
100%
Type Poison
100%
Roserade
100%
Type Sol
100%
Type Ténèbres
100%
Torterra
100%
Tortipouss
100%
Type Vol
100%
Capacités Bombe Beurk
89%
Chapignon
89%
Cotovol
89%
Type Eau
89%
Type Électrik
89%
Type Feu
89%
CT | Capacités Nœud Herbe
89%
Capacités Séisme
89%
Niv 19
78%
Ceribou
78%
Ceriflor
78%
Motisma
78%
Type Roche
78%
Tengalice
78%
Capacités Tranch'Herbe
78%
Capacités Vampigraine
78%
Ville Vestigion
78%
Niv 22
67%
Niv 66
67%
Niv 68
67%
Niv 69
67%
Niv 70
67%
Niv 72
67%
Capacités Ball'Ombre
67%
Capacités Cage Éclair
67%
Talent Chlorophylle
67%
Capacités Giga-Sangsue
67%
Capacités Lance-Flammes
67%
Capacités Lance-Soleil
67%
Capacités Mâchouille
67%
Capacités Mach Punch
67%
Capacités Para-Spore
67%
Talent Point Poison
67%
Capacités Spore
67%
Capacités Tonnerre
67%
Capacités Zénith
67%
Objet Baie Sitrus
56%
Capacités Balle Graine
56%
Bouldeneu
56%
Capacités Change Éclair
56%
Capacités Coup Bas
56%
Capacités Dard-Venin
56%
Capacités Éboulement
56%
Capacités Éclat Magique
56%
Capacités Éco-Sphère
56%
Talent Engrais
56%
Capacités Exploforce
56%
Feunard
56%
Florizarre
56%
Badge Forêt
56%
Talent Lévitation
56%
Objet Mouchoir Choix
56%
Objet Orbe Vie
56%
Capacités Poudre Dodo
56%
Capacités Protection
56%
Capacités Tempête Florale
56%
Capacités Tempête Verte
56%
Capacités Tomberoche
56%
Vacilys
56%
Objet Ceinture Force
44%
Capacités Croissance
44%
Talent Don Floral
44%
Capacités Draco-Choc
44%
Capacités Feu Follet
44%
Héliatronc
44%
Capacités Hydrocanon
44%
Capacités Lame de Roc
44%
Capacités Laser Glace
44%
Objet Lunettes Choix
44%
Capacités Martobois
44%
Capacités Mitra-Poing
44%
Capacités Queue de Fer
44%
Objet Restes
44%
Talent Technicien
44%
Capacités Telluriforce
44%
Capacités Abri
33%
Talent Coque Armure
33%
Talent Force Soleil
33%
Talent Médic Nature
33%
Milobellus
33%
Objet Orbe Toxique
33%
Capacités Rune Protect
33%
Talent Sécheresse
33%
Talent Soin Poison
33%
Objet Baie Figuy
22%
Capacités Canicule
22%
Capacités Champ Herbu
22%
Capacités Châtiment
22%
Capacités Clonage
22%
Capacités Hypnose
22%
Talent Régé-Force
22%
Objet Roche Chaude
22%
Capacités Stockage
22%
Capacités Tour de Magie
22%
Objet Baie Chocco
11%
Objet Bandeau Muscle
11%
Talent Battant
11%
Capacités Bluff
11%
Objet Graine Miracle
11%
Talent Lavabo
11%
Capacités Rengorgement
11%
Objet Boue Noire
0%
Objet Herbe Blanche
0%
Objet Herbe Pouvoir
0%
Capacités Météores
0%
Aucun quiz correspondant
Distribution des résultats
% des personnes avec chaque résultat
Percentile par nombre de réponses
Votre historique - résultats
Vous n’avez pas pris ce quiz